000 00577nam a2200193Ia 4500
005 20260114185845.0
008 008 260114s9999 xx 000 0 eng d
020 _a9781474215398
037 _aEBOOK
040 _aCRL
_beng
_cCRL
041 _aeng
_2eng
084 _qCRL
100 _aAnoop Nayak
_9875254
245 0 _aRace, Place and Globalization Youth Cultures in a Changing World
260 _bBloomsbury
_c2003
856 _uhttps://doi.org/10.5040/9781474215398?locatt=label:secondary_bloomsburyCollections
942 _cEBOOK
999 _c1474188
_d1474188